[Event "Titled Tuesday intern op 12th Mar Early"]
[Site "Chess.com INT"]
[Date "2024.03.12"]
[Round "6"]
[White "Kochiev, Ivan"]
[Black "Tregubov, Pavel V"]
[Result "1/2-1/2"]
[WhiteElo "2064"]
[BlackElo "2562"]
[PlyCount "116"]
[EventDate "2024.03.12"]
[EventType "swiss (blitz)"]
[EventRounds "11"]
[EventCountry "USA"]
[SourceTitle "CB12_2024"]
[SourceDate "2023.10.01"]
[SourceVersion "1"]
[SourceVersionDate "2023.10.01"]
[SourceQuality "1"]

1. e4 c5 2. Nf3 e6 3. d4 cxd4 4. Nxd4 Nf6 5. Nc3 Nc6 6. a3 Be7 7. Be2 0-0 8. 0-0 d5 9. exd5 exd5 10. Be3 Ne5 11. h3 Nc4 12. Bxc4 dxc4 13. Qe2 Qc7 14. Ndb5 Qa5 15. Qxc4 Be6 16. Qh4 Nd5 17. Qg3 Nxc3 18. Nxc3 Bf6 19. Rad1 Rad8 20. Bf4 Qf5 21. Bd6 Rfe8 22. Rd2 Bg5 23. f4 Bf6 24. Rfd1 h5 25. Be5 h4 26. Qe3 Rxd2 27. Rxd2 Bd7 28. Qd4 Bxe5 29. fxe5 Bc6 30. Qxh4 Qxe5 31. Re2 Qc5+ 32. Qf2 Qg5 33. Rxe8+ Bxe8 34. Kh2 Bc6 35. Nd1 Qc1 36. Qe2 g6 37. b3 Qxa3 38. Ne3 Qd6+ 39. Kh1 Qe5 40. Qf2 Qe4 41. Ng4 Kg7 42. Qf6+ Kf8 43. Qd8+ Kg7 44. Qf6+ Kf8 45. Qh8+ Ke7 46. Qf6+ Ke8 47. Qf2 Kd8 48. Qd2+ Kc7 49. Qa5+ Kc8 50. Qd2 a6 51. Kg1 Kb8 52. Qf2 f5 53. Ne3 f4 54. Nc4 g5 55. Nd6 Qd5 56. Nc4 Qe4 57. Qd2 Ka7 58. Qf2+ Kb8 1/2-1/2

[Event "Bundesliga 2324"]
[Site "Germany"]
[Date "2024.02.25"]
[Round "11.5"]
[White "Plat, Vojtech"]
[Black "Tregubov, Pavel V"]
[Result "1/2-1/2"]
[WhiteElo "2503"]
[BlackElo "2567"]
[PlyCount "41"]
[EventDate "2023.10.21"]
[EventType "team-tourn"]
[EventRounds "15"]
[EventCountry "GER"]
[SourceTitle "CB09_2024"]
[SourceDate "2024.02.28"]
[SourceVersion "1"]
[SourceVersionDate "2024.02.28"]
[SourceQuality "1"]
[WhiteTeam "Remagen Sinzig"]
[BlackTeam "Muelheim Nord"]
[WhiteTeamCountry "GER"]
[BlackTeamCountry "GER"]

1. e4 e5 2. Nf3 Nf6 3. Nxe5 d6 4. Nf3 Nxe4 5. Nc3 Nf6 6. d4 Be7 7. Bd3 0-0 8. h3 Nbd7 9. 0-0 b6 10. Re1 Bb7 11. Ne4 Nxe4 12. Bxe4 Bxe4 13. Rxe4 Re8 14. Qd3 d5 15. Re1 Bd6 16. Bg5 f6 17. Bd2 c6 18. Rxe8+ Qxe8 19. Re1 Qf7 20. Qa6 Nf8 21. a4 1/2-1/2

[Event "Titled Tuesday intern op 13th Feb Early"]
[Site "Chess.com INT"]
[Date "2024.02.13"]
[Round "11"]
[White "Hajiyev, Kanan"]
[Black "Tregubov, Pavel V"]
[Result "0-1"]
[WhiteElo "2081"]
[BlackElo "2567"]
[PlyCount "114"]
[EventDate "2024.02.13"]
[EventType "swiss (blitz)"]
[EventRounds "11"]
[EventCountry "USA"]
[SourceTitle "CB08_2024"]
[SourceDate "2024.02.21"]
[SourceVersion "1"]
[SourceVersionDate "2024.02.21"]
[SourceQuality "1"]

1. d4 Nf6 2. Nf3 c5 3. c3 b6 4. g3 Bb7 5. Bg2 g6 6. 0-0 Bg7 7. Bg5 0-0 8. Nbd2 h6 9. Bxf6 Bxf6 10. e4 d6 11. Qe2 Nd7 12. e5 Bg7 13. e6 Nf6 14. Rfe1 Qc7 15. Rad1 Bd5 16. exf7+ Rxf7 17. c4 Bb7 18. d5 Nd7 19. Nh4 g5 20. Ng6 Ne5 21. Be4 Qd7 22. f4 gxf4 23. Nxf4 Qg4 24. Bf3 Nxf3+ 25. Qxf3 Qxf3 26. Nxf3 Bxb2 27. Re6 Kh7 28. Rde1 Bf6 29. Nh5 Raf8 30. Nxf6+ Rxf6 31. Rxe7+ R8f7 32. Rxf7+ Rxf7 33. Kg2 Ba6 34. Re4 Kg7 35. Nh4 Kf6 36. Rf4+ Ke7 37. Nf5+ Kd7 38. g4 h5 39. h3 hxg4 40. hxg4 b5 41. cxb5 Bxb5 42. g5 Bd3 43. g6 Rxf5 44. Rg4 Rf8 45. g7 Rg8 46. Kg3 Ke7 47. Kf4 Kf6 48. Ke3 Bf5 49. Rg1 Rxg7 50. Rf1 Rg3+ 51. Kf4 Rg4+ 52. Kf3 Ra4 53. Rf2 Ke5 54. Kg3 Be4 55. Re2 Kxd5 56. Kf4 Bd3+ 57. Ke3 Bxe2 0-1

[Event "Titled Tuesday intern op 13th Feb Early"]
[Site "Chess.com INT"]
[Date "2024.02.13"]
[Round "2"]
[White "Le, Tuan Minh"]
[Black "Tregubov, Pavel V"]
[Result "1-0"]
[WhiteElo "2567"]
[BlackElo "2567"]
[PlyCount "97"]
[EventDate "2024.02.13"]
[EventType "swiss (blitz)"]
[EventRounds "11"]
[EventCountry "USA"]
[SourceTitle "CB08_2024"]
[SourceDate "2024.02.21"]
[SourceVersion "1"]
[SourceVersionDate "2024.02.21"]
[SourceQuality "1"]

1. d4 Nf6 2. Nf3 c5 3. c3 b6 4. Bf4 Bb7 5. e3 d6 6. Nbd2 Nbd7 7. h3 g6 8. Be2 Bg7 9. 0-0 0-0 10. a4 a6 11. Re1 Re8 12. Bh2 Rc8 13. Bd3 e5 14. dxe5 Nxe5 15. Nxe5 dxe5 16. Nc4 Nd5 17. Bf1 Qc7 18. Qb3 Rb8 19. Rad1 Ba8 20. e4 Nf4 21. Ne3 Bxe4 22. Bxa6 Bc6 23. Bb5 Red8 24. Bxc6 Qxc6 25. Bxf4 exf4 26. Nd5 Kh8 27. Nxf4 c4 28. Qb5 Qxb5 29. axb5 Kg8 30. Nd5 Kf8 31. Kf1 Bh6 32. Re4 Rd6 33. Red4 Rbd8 34. Nxb6 Rxd4 35. Rxd4 Rxd4 36. cxd4 Bg7 37. Nxc4 Bxd4 38. Ke2 Ke7 39. f3 Kd7 40. Kd3 Bc5 41. Ne5+ Ke6 42. Kc4 Bg1 43. Nd3 Kd6 44. b4 h5 45. Nc5 Kc7 46. Nd3 Kb6 47. Ne5 f6 48. Nxg6 Bf2 49. Nf4 1-0

[Event "Titled Tuesday intern op 13th Feb Early"]
[Site "Chess.com INT"]
[Date "2024.02.13"]
[Round "3"]
[White "Tregubov, Pavel V"]
[Black "Namitbir, Singh Walia"]
[Result "1-0"]
[WhiteElo "2567"]
[BlackElo "2408"]
[PlyCount "69"]
[EventDate "2024.02.13"]
[EventType "swiss (blitz)"]
[EventRounds "11"]
[EventCountry "USA"]
[SourceTitle "CB08_2024"]
[SourceDate "2024.02.21"]
[SourceVersion "1"]
[SourceVersionDate "2024.02.21"]
[SourceQuality "1"]

1. e4 e5 2. Nf3 Nc6 3. Bc4 Nf6 4. d3 Be7 5. 0-0 0-0 6. Nc3 d6 7. h3 Nd7 8. a3 Nb6 9. Ba2 Kh8 10. d4 exd4 11. Nxd4 Nxd4 12. Qxd4 f5 13. Bd2 Bf6 14. Qd3 fxe4 15. Qxe4 c6 16. Rae1 d5 17. Qd3 Bd7 18. Nd1 Qc7 19. c3 Rae8 20. Bb1 g6 21. Bh6 Bf5 22. Bxf8 Rxf8 23. Qd2 Bxb1 24. Ne3 Bf5 25. Nxf5 gxf5 26. Re6 Nc4 27. Qc2 Bg7 28. Rfe1 Qb6 29. b3 Nxa3 30. Qd1 Bxc3 31. R1e3 Bd4 32. Re7 Bxe3 33. Qh5 Bxf2+ 34. Kh1 Qe3 35. Qxh7# 1-0

[Event "Titled Tuesday intern op 13th Feb Early"]
[Site "Chess.com INT"]
[Date "2024.02.13"]
[Round "1"]
[White "Weisz, Bryan"]
[Black "Tregubov, Pavel V"]
[Result "0-1"]
[WhiteElo "1979"]
[BlackElo "2567"]
[PlyCount "104"]
[EventDate "2024.02.13"]
[EventType "swiss (blitz)"]
[EventRounds "11"]
[EventCountry "USA"]
[SourceTitle "CB08_2024"]
[SourceDate "2024.02.21"]
[SourceVersion "1"]
[SourceVersionDate "2024.02.21"]
[SourceQuality "1"]

1. d4 Nf6 2. f3 d5 3. e4 dxe4 4. Nc3 e5 5. dxe5 Qxd1+ 6. Kxd1 Nfd7 7. f4 Nc5 8. Be3 Nc6 9. Bxc5 Bxc5 10. Nxe4 Bxg1 11. Rxg1 Bg4+ 12. Ke1 0-0-0 13. Bd3 Nb4 14. Nf2 Nxd3+ 15. Nxd3 Bf5 16. Ke2 Rd4 17. g3 Rhd8 18. h3 h5 19. Rad1 Bxh3 20. Nf2 Bf5 21. c3 Rxd1 22. Rxd1 Rxd1 23. Kxd1 Kd7 24. Ke2 Ke6 25. Ke3 c5 26. c4 f6 27. exf6 Kxf6 28. Ne4+ Bxe4 29. Kxe4 g5 30. fxg5+ Kxg5 31. Kf3 Kf5 32. a3 a6 33. b3 b6 34. b4 cxb4 35. axb4 Ke5 36. Ke3 Kd6 37. Kd4 Kc6 38. Kd3 a5 39. Kc3 Kd6 40. c5+ Kc6 41. cxb6 a4 42. Kc4 Kxb6 43. b5 a3 44. Kb3 Kxb5 45. Kxa3 Kc4 46. Kb2 Kd3 47. Kc1 Ke2 48. Kc2 Kf3 49. Kd2 Kxg3 50. Ke2 Kg2 51. Ke3 h4 52. Ke2 h3 0-1

[Event "Titled Tuesday intern op 06th Feb Early"]
[Site "Chess.com INT"]
[Date "2024.02.06"]
[Round "7"]
[White "Bochnicka, Vladimir1"]
[Black "Tregubov, Pavel V"]
[Result "0-1"]
[WhiteElo "2405"]
[BlackElo "2567"]
[PlyCount "86"]
[EventDate "2024.02.06"]
[EventType "swiss (blitz)"]
[EventRounds "11"]
[EventCountry "USA"]
[SourceTitle "CB07_2024"]
[SourceDate "2024.02.14"]
[SourceVersion "1"]
[SourceVersionDate "2024.02.14"]
[SourceQuality "1"]

1. e4 c5 2. Nf3 e6 3. g3 d5 4. exd5 exd5 5. d4 Nc6 6. Bg2 Bg4 7. 0-0 Nxd4 8. Qe1+ Be7 9. Nxd4 cxd4 10. Qe5 Nf6 11. Qxd4 0-0 12. Nc3 Rc8 13. Bg5 Be6 14. Rad1 h6 15. Bf4 Bc5 16. Qd2 Bb4 17. Be5 Ne4 18. Bxe4 dxe4 19. Qe3 Qg5 20. Qxe4 Rc4 21. Rd4 Bxc3 22. bxc3 Rxc3 23. h4 Qh5 24. Rb4 Rc5 25. Bd4 Bd5 26. Qd3 Rxc2 27. Rb5 Qf3 28. Qxf3 Bxf3 29. Re1 a6 30. Rb2 Rfc8 31. Rxc2 Rxc2 32. a3 g5 33. hxg5 hxg5 34. Kh2 g4 35. Kg1 Ra2 36. Bc5 Kh7 37. Kf1 Kg6 38. Rb1 b5 39. Ke1 Kf5 40. Rb4 Ke5 41. Rf4 Kd5 42. Bb4 Re2+ 43. Kf1 Ra2 0-1

[Event "Titled Tuesday intern op 06th Feb Early"]
[Site "Chess.com INT"]
[Date "2024.02.06"]
[Round "11"]
[White "Bodnar, Nikolay"]
[Black "Tregubov, Pavel V"]
[Result "1/2-1/2"]
[WhiteElo "2440"]
[BlackElo "2567"]
[PlyCount "81"]
[EventDate "2024.02.06"]
[EventType "swiss (blitz)"]
[EventRounds "11"]
[EventCountry "USA"]
[SourceTitle "CB07_2024"]
[SourceDate "2024.02.14"]
[SourceVersion "1"]
[SourceVersionDate "2024.02.14"]
[SourceQuality "1"]

1. e4 c5 2. Nf3 e6 3. d4 cxd4 4. Nxd4 Nf6 5. Nc3 Nc6 6. Ndb5 Bb4 7. a3 Bxc3+ 8. Nxc3 d5 9. exd5 exd5 10. Bd3 0-0 11. 0-0 d4 12. Ne4 Bf5 13. Bg5 Bxe4 14. Bxe4 h6 15. Bxc6 bxc6 16. Bxf6 Qxf6 17. Qd3 c5 18. b3 a5 19. a4 Rab8 20. Rfe1 Rb4 21. Re4 Rc8 22. Rae1 g6 23. h3 Kg7 24. g3 Rd8 25. h4 c4 26. bxc4 Rxa4 27. Re5 Rc8 28. c5 Rb4 29. h5 gxh5 30. Rf5 Qg6 31. Re7 Rb1+ 32. Kh2 Rf8 33. Qxd4+ Kg8 34. Rf6 Qg4 35. Qd5 Rd1 36. Rexf7 Rxd5 37. Rxf8+ Kg7 38. R8f7+ Kg8 39. Rf8+ Kg7 40. R8f7+ Kg8 41. Rf8+ 1/2-1/2

[Event "Titled Tuesday intern op 06th Feb Early"]
[Site "Chess.com INT"]
[Date "2024.02.06"]
[Round "8"]
[White "Demchenko, Anton"]
[Black "Tregubov, Pavel V"]
[Result "1-0"]
[WhiteElo "2609"]
[BlackElo "2567"]
[PlyCount "35"]
[EventDate "2024.02.06"]
[EventType "swiss (blitz)"]
[EventRounds "11"]
[EventCountry "USA"]
[SourceTitle "CB07_2024"]
[SourceDate "2024.02.14"]
[SourceVersion "1"]
[SourceVersionDate "2024.02.14"]
[SourceQuality "1"]

1. e4 c5 2. Nc3 e6 3. Nf3 Nc6 4. a4 Nf6 5. Bb5 Qc7 6. 0-0 Nd4 7. Re1 a6 8. e5 Ng4 9. Nxd4 cxd4 10. Qxg4 dxc3 11. Bd3 cxb2 12. Bxb2 b6 13. Rab1 Bb7 14. Bd4 h5 15. Qg5 Be7 16. Qxg7 0-0-0 17. Bxb6 Rdg8 18. Qxh8 1-0

[Event "Titled Tuesday intern op 06th Feb Early"]
[Site "Chess.com INT"]
[Date "2024.02.06"]
[Round "10"]
[White "Materia, Marco"]
[Black "Tregubov, Pavel V"]
[Result "1-0"]
[WhiteElo "2434"]
[BlackElo "2567"]
[PlyCount "57"]
[EventDate "2024.02.06"]
[EventType "swiss (blitz)"]
[EventRounds "11"]
[EventCountry "USA"]
[SourceTitle "CB07_2024"]
[SourceDate "2024.02.14"]
[SourceVersion "1"]
[SourceVersionDate "2024.02.14"]
[SourceQuality "1"]

1. d4 Nf6 2. c4 c5 3. d5 b5 4. cxb5 a6 5. e3 g6 6. Nc3 Bg7 7. Nf3 0-0 8. a4 e6 9. Bc4 axb5 10. Bxb5 Na6 11. 0-0 Nb4 12. dxe6 fxe6 13. e4 d5 14. exd5 exd5 15. Bg5 Bb7 16. Qb3 Kh8 17. Rad1 d4 18. Nxd4 cxd4 19. Qxb4 Nd5 20. Bxd8 Nxb4 21. Be7 dxc3 22. Bxb4 cxb2 23. Bxf8 Rxf8 24. a5 Bc3 25. a6 Be4 26. Bd3 Bd5 27. Bxg6 Bb3 28. Be4 Re8 29. a7 1-0

[Event "Titled Tuesday intern op 06th Feb Early"]
[Site "Chess.com INT"]
[Date "2024.02.06"]
[Round "2"]
[White "Tregubov, Pavel V"]
[Black "Bueno, Alfeu Varela Jr"]
[Result "1-0"]
[WhiteElo "2567"]
[BlackElo "2155"]
[PlyCount "67"]
[EventDate "2024.02.06"]
[EventType "swiss (blitz)"]
[EventRounds "11"]
[EventCountry "USA"]
[SourceTitle "CB07_2024"]
[SourceDate "2024.02.14"]
[SourceVersion "1"]
[SourceVersionDate "2024.02.14"]
[SourceQuality "1"]

1. e4 e6 2. d4 d5 3. exd5 exd5 4. Nf3 Nc6 5. h3 Bf5 6. Bd3 Qd7 7. 0-0 0-0-0 8. c3 f6 9. b4 g5 10. Bxf5 Qxf5 11. Nfd2 h5 12. Nb3 Nh6 13. b5 Ne7 14. Nc5 Ng6 15. Qd3 Bxc5 16. Qxf5+ Nxf5 17. dxc5 d4 18. cxd4 Nxd4 19. Nc3 Nf4 20. Bxf4 gxf4 21. Rae1 f3 22. g3 h4 23. Kh2 hxg3+ 24. fxg3 f5 25. Re5 Rxh3+ 26. Kg1 Rxg3+ 27. Kf2 f4 28. Rd1 Rg2+ 29. Kf1 Rc2 30. Ne4 Rh8 31. Nd2 Rh2 32. Re4 Rcxd2 33. Rxd2 Rxd2 34. Rxf4 1-0

[Event "Bundesliga 2324"]
[Site "Germany"]
[Date "2024.02.03"]
[Round "7.8"]
[White "Mendonca, Leon Luke"]
[Black "Tregubov, Pavel V"]
[Result "1/2-1/2"]
[WhiteElo "2622"]
[BlackElo "2567"]
[PlyCount "112"]
[EventDate "2023.10.21"]
[EventType "team-tourn"]
[EventRounds "15"]
[EventCountry "GER"]
[SourceTitle "CB06_2024"]
[SourceDate "2024.02.07"]
[SourceVersion "1"]
[SourceVersionDate "2024.02.07"]
[SourceQuality "1"]
[WhiteTeam "Hamburger SK"]
[BlackTeam "Muelheim Nord"]
[WhiteTeamCountry "GER"]
[BlackTeamCountry "GER"]

1. d4 Nf6 2. c4 e6 3. Nc3 Bb4 4. e3 d5 5. cxd5 exd5 6. Bd3 0-0 7. Nge2 Re8 8. 0-0 Bd6 9. a3 Nbd7 10. Bd2 c5 11. Nf4 Bxf4 12. exf4 cxd4 13. Nb5 Nc5 14. Qc2 Qb6 15. Ba5 Qxa5 16. Qxc5 Bd7 17. b4 Qa6 18. a4 Rec8 19. Qxd4 Qb6 20. a5 Qxd4 21. Nxd4 Rc3 22. Rfd1 Rac8 23. f3 h5 24. Kf2 Kf8 25. Ke3 Ke7 26. f5 Kd6 27. a6 b6 28. Kf4 Ne8 29. Kg5 Nc7 30. h4 Ke5 31. Bf1 Rh8 32. Re1+ Kd6 33. Kf4 f6 34. Ra2 Re8 35. Rxe8 Bxe8 36. g4 Rc1 37. Be2 Rb1 38. Nc2 hxg4 39. fxg4 Bb5 40. Nd4 Rxb4 41. Ke3 Bxe2 42. Rxe2 Nb5 43. Nxb5+ Rxb5 44. h5 d4+ 45. Kxd4 Rb4+ 46. Kc3 Rxg4 47. Re6+ Kc5 48. Re7 Rg3+ 49. Kb2 Rg5 50. Rxa7 Kb5 51. h6 gxh6 52. Rf7 Kxa6 53. Rxf6 h5 54. Rf8 Kb5 55. f6 Rf5 56. f7 h4 1/2-1/2

[Event "Chessable Masters Play In"]
[Site "Chess.com INT"]
[Date "2024.01.31"]
[Round "1"]
[White "Tregubov, Pavel V"]
[Black "Paravyan, David"]
[Result "0-1"]
[WhiteElo "2567"]
[BlackElo "2612"]
[PlyCount "78"]
[EventDate "2024.01.31"]
[EventType "swiss (rapid)"]
[EventRounds "9"]
[EventCountry "USA"]
[SourceTitle "CB06_2024"]
[SourceDate "2024.02.07"]
[SourceVersion "1"]
[SourceVersionDate "2024.02.07"]
[SourceQuality "1"]

1. e4 e5 2. Nf3 Nf6 3. Nxe5 d6 4. Nf3 Nxe4 5. c4 Nc6 6. d3 Nf6 7. d4 Be7 8. d5 Ne5 9. Be2 Nxf3+ 10. Bxf3 0-0 11. 0-0 Bf5 12. Nc3 Nd7 13. Be3 Bf6 14. Qd2 Re8 15. h3 h6 16. Rfe1 a6 17. Rad1 Bg5 18. Bxg5 Qxg5 19. Qxg5 hxg5 20. Be4 Bxe4 21. Nxe4 Re5 22. f3 Rae8 23. Kf2 Kf8 24. b3 b5 25. cxb5 axb5 26. Rc1 Nb6 27. Red1 Nxd5 28. Rd2 b4 29. Rc4 Ra8 30. g3 Ra5 31. Re2 f5 32. Nxg5 Rxe2+ 33. Kxe2 Rxa2+ 34. Kd3 Ke7 35. g4 Kf6 36. h4 Rb2 37. gxf5 Kxf5 38. Rg4 Rxb3+ 39. Kc4 Rxf3 0-1

[Event "Chessable Masters Play In"]
[Site "Chess.com INT"]
[Date "2024.01.31"]
[Round "4"]
[White "Tregubov, Pavel V"]
[Black "Samadov, Read"]
[Result "0-1"]
[WhiteElo "2567"]
[BlackElo "2502"]
[PlyCount "68"]
[EventDate "2024.01.31"]
[EventType "swiss (rapid)"]
[EventRounds "9"]
[EventCountry "USA"]
[SourceTitle "CB06_2024"]
[SourceDate "2024.02.07"]
[SourceVersion "1"]
[SourceVersionDate "2024.02.07"]
[SourceQuality "1"]

1. e4 c5 2. Nf3 d6 3. d4 cxd4 4. Qxd4 Nc6 5. Qd3 Nf6 6. Nc3 e6 7. Bf4 Be7 8. 0-0-0 Ng4 9. Qe2 Qb6 10. h3 Nge5 11. Be3 Qa5 12. Qb5 Qc7 13. Nd2 Bd7 14. f4 Ng6 15. Qd3 0-0 16. Nc4 d5 17. exd5 Nxf4 18. Qd2 Nxd5 19. Nxd5 exd5 20. Bf4 Qc8 21. Nd6 Bxd6 22. Bxd6 Rd8 23. Qxd5 Be6 24. Qc5 b6 25. Qc3 Qb7 26. Be2 Rac8 27. Bf3 b5 28. Be5 Re8 29. Rd6 Bc4 30. Bxg7 Qe7 31. Bh6 Ne5 32. Rd4 Bd3 33. Rg4+ Bg6 34. Qd2 Nxg4 0-1

[Event "Titled Tuesday intern op 16th Jan Early"]
[Site "Chess.com INT"]
[Date "2024.01.16"]
[Round "11"]
[White "Christiansen, Johan Sebastian"]
[Black "Tregubov, Pavel V"]
[Result "1-0"]
[WhiteElo "2629"]
[BlackElo "2567"]
[PlyCount "55"]
[EventDate "2024.01.16"]
[EventType "swiss (blitz)"]
[EventRounds "11"]
[EventCountry "USA"]
[SourceTitle "CB04_2024"]
[SourceDate "2023.10.16"]
[SourceVersion "1"]
[SourceVersionDate "2023.10.16"]
[SourceQuality "1"]

1. e4 c5 2. Nf3 e6 3. c3 d5 4. e5 Nc6 5. d4 Qb6 6. Bd3 cxd4 7. 0-0 Bd7 8. Re1 Nge7 9. h4 Nf5 10. Bxf5 exf5 11. cxd4 Be7 12. Nc3 Be6 13. h5 h6 14. a3 g5 15. hxg6 fxg6 16. b4 Qd8 17. Qd3 g5 18. Bd2 Qd7 19. Rac1 g4 20. Nh2 h5 21. Ne2 h4 22. Nf4 Rg8 23. Nf1 Kf7 24. Ne3 Raf8 25. Nexd5 Bg5 26. Nxe6 Qxe6 27. Bxg5 Qxd5 28. Qxf5+ 1-0

[Event "Titled Tuesday intern op 16th Jan Early"]
[Site "Chess.com INT"]
[Date "2024.01.16"]
[Round "8"]
[White "Tregubov, Pavel V"]
[Black "Reprintsev, Alexander"]
[Result "1-0"]
[WhiteElo "2567"]
[BlackElo "2234"]
[PlyCount "41"]
[EventDate "2024.01.16"]
[EventType "swiss (blitz)"]
[EventRounds "11"]
[EventCountry "USA"]
[SourceTitle "CB04_2024"]
[SourceDate "2023.10.16"]
[SourceVersion "1"]
[SourceVersionDate "2023.10.16"]
[SourceQuality "1"]

1. e4 d5 2. exd5 Qxd5 3. Nc3 Qa5 4. d4 Nf6 5. Nf3 Nc6 6. Bb5 Ne4 7. 0-0 Nxc3 8. Bxc6+ bxc6 9. bxc3 Bf5 10. Ne5 e6 11. Qf3 Qd5 12. Qg3 f6 13. Nd3 0-0-0 14. Rb1 Bd6 15. Bf4 g5 16. Bxd6 Qxd6 17. Qe3 h5 18. Nc5 Bxc2 19. Qe2 Qxc5 20. dxc5 Bxb1 21. Qxe6+ 1-0

[Event "Titled Tuesday intern op 16th Jan Early"]
[Site "Chess.com INT"]
[Date "2024.01.16"]
[Round "2"]
[White "Tregubov, Pavel V"]
[Black "Vachier Lagrave, Maxime"]
[Result "1/2-1/2"]
[WhiteElo "2567"]
[BlackElo "2734"]
[PlyCount "118"]
[EventDate "2024.01.16"]
[EventType "swiss (blitz)"]
[EventRounds "11"]
[EventCountry "USA"]
[SourceTitle "CB04_2024"]
[SourceDate "2023.10.16"]
[SourceVersion "1"]
[SourceVersionDate "2023.10.16"]
[SourceQuality "1"]

1. e4 c5 2. Nf3 d6 3. d4 cxd4 4. Qxd4 Nc6 5. Qd3 g6 6. Nc3 Bg7 7. Be2 Bg4 8. h3 Bxf3 9. Qxf3 Nf6 10. Qg3 0-0 11. 0-0 Rc8 12. Be3 Nb4 13. Bd3 Nd7 14. Bd2 Nc5 15. Rad1 Qd7 16. a3 Nbxd3 17. cxd3 Na4 18. Nxa4 Qxa4 19. Bg5 Rfe8 20. Qh4 f6 21. Be3 Qb3 22. Qg4 e6 23. Rc1 f5 24. exf5 exf5 25. Qf3 Kh8 26. d4 a6 27. Rfd1 h5 28. Qg3 Qe6 29. Bf4 Rxc1 30. Rxc1 Bxd4 31. Bxd6 Bxb2 32. Rc7 b5 33. Qf4 Bg7 34. Kh2 Qxd6 35. Qxd6 Be5+ 36. Qxe5+ Rxe5 37. Rc6 a5 38. Rxg6 Kh7 39. Ra6 a4 40. Rb6 f4 41. h4 Rc5 42. g3 f3 43. g4 hxg4 44. Kg3 Kg7 45. Kxg4 Rc4+ 46. Kxf3 b4 47. axb4 Rxh4 48. b5 Rb4 49. Ra6 Rxb5 50. Rxa4 Rb3+ 51. Kf4 Rb7 52. f3 Rb5 53. Kg4 Kg6 54. f4 Kg7 55. Ra6 Kf7 56. Ra7+ Kf6 57. Ra6+ Kf7 58. Ra7+ Kf6 59. Ra6+ Kf7 1/2-1/2

[Event "Titled Tuesday intern op 26th Sep Early"]
[Site "Chess.com INT"]
[Date "2023.09.26"]
[Round "3"]
[White "Shubenkova, Veronika"]
[Black "Tregubov, Pavel V"]
[Result "1-0"]
[WhiteElo "2007"]
[BlackElo "2567"]
[PlyCount "117"]
[EventDate "2023.09.26"]
[EventType "swiss (blitz)"]
[EventRounds "11"]
[EventCountry "USA"]
[SourceTitle "EXT 2024"]
[Source "ChessBase"]
[SourceDate "2023.10.10"]
[SourceVersion "1"]
[SourceVersionDate "2023.10.10"]
[SourceQuality "1"]

1. e4 c5 2. Nc3 e6 3. g3 d5 4. d3 d4 5. Nce2 Nc6 6. Bg2 Nf6 7. f4 Be7 8. Nf3 0-0 9. 0-0 Rb8 10. h3 b5 11. g4 c4 12. Ng3 Qc7 13. g5 Nd7 14. e5 cxd3 15. cxd3 Nb4 16. Ne4 Rd8 17. Rf2 Bb7 18. a3 Nd5 19. Re2 Nc5 20. Nh4 Nxe4 21. Bxe4 Ne3 22. Bxe3 Bxe4 23. Bf2 Ba8 24. Be1 Qc6 25. Ng2 Rbc8 26. Rf2 Qd5 27. Qg4 Rd7 28. Ba5 Qb3 29. f5 exf5 30. Qxf5 Qe6 31. Raf1 Qxf5 32. Rxf5 Rc2 33. R5f2 Rxf2 34. Rxf2 Bxg5 35. h4 Bd8 36. Bxd8 Rxd8 37. Nf4 Re8 38. Re2 g6 39. e6 fxe6 40. Rxe6 Rf8 41. Ne2 Bd5 42. Re5 Ba2 43. Nxd4 Rf4 44. Nxb5 Rg4+ 45. Kf2 Rxh4 46. Nxa7 Rh2+ 47. Ke3 Rxb2 48. Nc6 Kg7 49. Re7+ Kh6 50. Ne5 Rg2 51. Kf3 Rg1 52. Ng4+ Kg5 53. Re5+ Kh4 54. Nf2 Rg3+ 55. Ke2 g5 56. a4 h5 57. a5 Rg1 58. a6 Bb3 59. Ra5 1-0

[Event "Titled Tuesday intern op 26th Sep Early"]
[Site "Chess.com INT"]
[Date "2023.09.26"]
[Round "2"]
[White "Tregubov, Pavel V"]
[Black "Marcziter, Dmitrii"]
[Result "1/2-1/2"]
[WhiteElo "2567"]
[BlackElo "2236"]
[PlyCount "108"]
[EventDate "2023.09.26"]
[EventType "swiss (blitz)"]
[EventRounds "11"]
[EventCountry "USA"]
[SourceTitle "EXT 2024"]
[Source "ChessBase"]
[SourceDate "2023.10.10"]
[SourceVersion "1"]
[SourceVersionDate "2023.10.10"]
[SourceQuality "1"]

1. e4 e5 2. Nf3 Nc6 3. Bb5 f5 4. Nc3 Nf6 5. exf5 e4 6. Ng5 d5 7. d3 Bxf5 8. dxe4 dxe4 9. Qe2 Qe7 10. Qc4 Bd7 11. Ngxe4 Nxe4 12. Qxe4 0-0-0 13. 0-0 Qf7 14. Bg5 Re8 15. Qf4 Qh5 16. Qh4 Qf7 17. Rfe1 Bc5 18. Bc4 Bxf2+ 19. Qxf2 Qxc4 20. Rxe8+ Rxe8 21. Re1 Rxe1+ 22. Qxe1 Qe6 23. Qxe6 Bxe6 24. Be3 Bf5 25. Kf2 Bxc2 26. Nd5 Kd7 27. a3 Be4 28. Nc3 Bf5 29. h3 h5 30. Nd5 a6 31. Nf4 g6 32. g4 hxg4 33. hxg4 Be4 34. Bd2 Ne5 35. Ke3 Bb1 36. g5 Nc4+ 37. Ke2 Nxd2 38. Kxd2 Kd6 39. Ke3 Ke5 40. Ne2 Kf5 41. Nc3 Bc2 42. Nd5 c6 43. Nf6 Kxg5 44. Nd7 Kh4 45. Nc5 g5 46. Nxb7 g4 47. Kf2 Kh3 48. Kg1 Kg3 49. Nc5 a5 50. b4 a4 51. Ne6 Be4 52. Nc5 Bc2 53. Ne6 Be4 54. Nc5 Bc2 1/2-1/2

[Event "AI Cup Play In"]
[Site "Chess.com INT"]
[Date "2023.09.18"]
[Round "1"]
[White "Tregubov, Pavel V"]
[Black "Le, Tuan Minh"]
[Result "0-1"]
[WhiteElo "2567"]
[BlackElo "2559"]
[PlyCount "60"]
[EventDate "2023.09.18"]
[EventType "swiss (rapid)"]
[EventRounds "9"]
[EventCountry "USA"]
[SourceTitle "EXT 2024"]
[Source "ChessBase"]
[SourceDate "2023.10.10"]
[SourceVersion "1"]
[SourceVersionDate "2023.10.10"]
[SourceQuality "1"]

1. e4 e5 2. Nf3 Nc6 3. Bb5 a6 4. Ba4 Bc5 5. 0-0 Nge7 6. Nxe5 Nxe5 7. d4 b5 8. Bb3 Bxd4 9. Qxd4 d6 10. Qe3 c5 11. c3 0-0 12. Qg3 c4 13. Bc2 f5 14. Bg5 Qc7 15. Nd2 N7g6 16. f4 Ng4 17. exf5 Qc5+ 18. Kh1 Bxf5 19. Ne4 Qe3 20. Rf3 Qe2 21. Nf6+ Rxf6 22. Bxf5 Rxf5 23. Qxg4 Raf8 24. h4 h5 25. Qxh5 Nxf4 26. Qg4 Nxg2 27. Rg3 Rf1+ 28. Rxf1 Rxf1+ 29. Kh2 Qe1 30. Qc8+ Kh7 0-1